[Event "Medellin Sub zt 2.3.2"]
[Site "Medellin"]
[Date "2025.04.16"]
[Round "4"]
[White "Males Ortega, Juan Camilo"]
[Black "Abad Pacheco, Johnatan"]
[Result "1-0"]
[WhiteElo "1528"]
[BlackElo "1684"]
[PlyCount "85"]
[EventDate "2025.04.14"]
[EventType "swiss"]
[EventRounds "9"]
[EventCountry "COL"]
[SourceTitle "CB18_2025"]
[SourceDate "2025.04.30"]
[SourceVersion "1"]
[SourceVersionDate "2025.04.30"]
[SourceQuality "1"]

1. e4 e6 2. d4 d5 3. e5 c5 4. c3 Qb6 5. Nf3 Nc6 6. a3 c4 7. Qc2 Bd7 8. Be2 h6 9. Be3 f5 10. Nbd2 Na5 11. Rb1 Nb3 12. Nh4 Ne7 13. Nxb3 Ba4 14. 0-0 Bxb3 15. Qc1 0-0-0 16. f4 Rg8 17. Qd2 Rd7 18. Kh1 Qd8 19. g4 Nc6 20. Ng6 Ne7 21. gxf5 Nxf5 22. Rg1 Be7 23. Rg4 Nh4 24. Rbg1 Nf5 25. Bf2 Rc7 26. R4g2 Ba4 27. Bg4 Be8 28. Bxf5 exf5 29. Qc2 Bxg6 30. Rxg6 Qf8 31. Qa4 Kb8 32. Be3 Bh4 33. Qb5 Qf7 34. e6 Qe7 35. Qxd5 Bf6 36. Qxf5 Rd8 37. Qe4 Qd6 38. f5 Qc6 39. Qxc6 Rxc6 40. Rxg7 Bxg7 41. Rxg7 h5 42. Bg5 Re8 43. e7 1-0

[Event "Medellin Sub zt 2.3.2"]
[Site "Medellin"]
[Date "2025.04.15"]
[Round "3"]
[White "Gomez Sanchez, Esteban Antonio"]
[Black "Males Ortega, Juan Camilo"]
[Result "1-0"]
[WhiteElo "1751"]
[BlackElo "1528"]
[PlyCount "89"]
[EventDate "2025.04.14"]
[EventType "swiss"]
[EventRounds "9"]
[EventCountry "COL"]
[SourceTitle "CB18_2025"]
[SourceDate "2025.04.30"]
[SourceVersion "1"]
[SourceVersionDate "2025.04.30"]
[SourceQuality "1"]

1. e4 e5 2. Nf3 Nc6 3. Bb5 a6 4. Ba4 d6 5. c3 Be7 6. d3 b5 7. Bb3 Be6 8. Nbd2 Na5 9. Bc2 c5 10. d4 f6 11. h3 c4 12. d5 Bd7 13. Nf1 Rb8 14. b4 Nb7 15. a4 a5 16. Ne3 Qc7 17. 0-0 Nh6 18. axb5 0-0 19. b6 Qxb6 20. Nxc4 Qc7 21. Bd3 axb4 22. cxb4 Ra8 23. Be3 Bb5 24. Nfd2 Qd8 25. Qb3 Rb8 26. Nb6 Bd7 27. Ndc4 f5 28. Nxd7 Qxd7 29. Nb6 Qd8 30. f3 f4 31. Bf2 Rf6 32. Qa4 Nc5 33. bxc5 dxc5 34. Nd7 Rb4 35. Nxf6+ gxf6 36. Qa6 Kg7 37. Rfb1 Qc7 38. Rxb4 cxb4 39. Qc6 Qb8 40. Ra8 Qd6 41. Qxd6 Bxd6 42. Ra6 Nf7 43. Rc6 Be7 44. Bc5 Bd8 45. Bxb4 1-0

[Event "Popayan Yeika op 1st"]
[Site "Popayan"]
[Date "2024.10.14"]
[Round "6"]
[White "Males Ortega, Juan Camilo"]
[Black "Lopez Bermeo, Oscar Andres"]
[Result "1/2-1/2"]
[WhiteElo "1501"]
[BlackElo "1622"]
[PlyCount "32"]
[EventDate "2024.10.11"]
[EventType "swiss"]
[EventRounds "7"]
[EventCountry "COL"]
[SourceTitle "CB43_2024"]
[Source "Chessbase"]
[SourceDate "2024.10.23"]
[SourceVersion "1"]
[SourceVersionDate "2024.10.23"]
[SourceQuality "1"]

1. e4 e6 2. d4 f5 3. exf5 exf5 4. Bd3 d5 5. Nf3 Nf6 6. 0-0 Be7 7. c4 0-0 8. Nc3 Ne4 9. Qc2 c6 10. cxd5 cxd5 11. Nxd5 Nc6 12. Nxe7+ Qxe7 13. Re1 Qd6 14. Bxe4 fxe4 15. Qxe4 Bf5 16. Qe3 Be4 1/2-1/2

[Event "Popayan Yeika op 1st"]
[Site "Popayan"]
[Date "2024.10.12"]
[Round "2"]
[White "Males Ortega, Juan Camilo"]
[Black "Bolanos Lopez, Juan Jacobo"]
[Result "0-1"]
[WhiteElo "1501"]
[BlackElo "2165"]
[PlyCount "64"]
[EventDate "2024.10.11"]
[EventType "swiss"]
[EventRounds "7"]
[EventCountry "COL"]
[SourceTitle "CB43_2024"]
[Source "Chessbase"]
[SourceDate "2024.10.23"]
[SourceVersion "1"]
[SourceVersionDate "2024.10.23"]
[SourceQuality "1"]

1. e4 c5 2. Nf3 e6 3. d3 Nc6 4. Bd2 Nf6 5. Nc3 d5 6. exd5 Nxd5 7. Nxd5 Qxd5 8. c4 Qd8 9. Bc3 Nd4 10. Bxd4 cxd4 11. a3 a5 12. Ne5 a4 13. b4 axb3 14. Qxb3 Qa5+ 15. Kd1 Qxe5 16. Qb5+ Qxb5 17. cxb5 Rxa3 18. Rxa3 Bxa3 19. g3 Bd7 20. Bg2 Bxb5 21. Ke2 Ba6 22. Rb1 Ke7 23. Rb3 Bd6 24. f4 Rc8 25. Kf3 Rc3 26. Rb2 Rxd3+ 27. Ke4 b6 28. Rxb6 Bc5 29. Rb7+ Bxb7+ 30. Kxd3 Bxg2 31. Kc4 Bf1+ 32. Kb3 d3 0-1